| 000 | 00451nam a2200181Ia 4500 | ||
|---|---|---|---|
| 001 | 16366 | ||
| 005 | 20260306170304.0 | ||
| 008 | 260306t2007||||xx |||||||||||||| ||und|| | ||
| 041 | _aESP | ||
| 082 |
_a348.54 _bS42 |
||
| 100 |
_aSerrano, José Luis _eAUT |
||
| 245 | 0 | _aPrincipios de derecho ambiental y ecología jurídica | |
| 260 | _c2007 | ||
| 300 |
_a165 páginas : _c23 cm. |
||
| 650 | _aGEN | ||
| 654 | _aCDE | ||
| 942 |
_cLIB _dJUS _fJUS _2ddc _n |
||
| 999 |
_c16366 _d16366 |
||